00752nam a22002057a 4500008004100000020001800041040001800059041000800077100002100085245011800106260006800224300002600292504003000318650005400348650002600402650003700428650003900465700002200504700002000526130821s2009 enk gr eng  a9780199553808 aCo-BoUCMbspa00aeng1 aSambei, Arvinder10aCounter-terrorism law and practice an international handbookcArvinder Sambei, Anton du Plessis y Martin Polaine aOxford (Oxfordshire, Inglaterra)bOxford University Pressc2009 axxxiii, 771 páginas aIncluye índice general.04aCooperación internacionalxAspectos jurídicos04aDerecho internacional04aTerrorismoxAspectos jurídicos04aTerrorismoxPrevención y control1 aDu Plessis, Anton1 aPolaine, Martin